Islands by Largest City #2 - Statistics

General Stats
  • This quiz has been taken 35,444 times
  • The average score is 10 of 20
Answer Stats
Largest City Island % Correct
Colombo Sri Lanka
92%
Antananarivo Madagascar
83%
Sapporo Hokkaido
69%
Hobart Tasmania
66%
Cagliari Sardinia
65%
Manila Luzon
63%
Manama Bahrain
60%
Ajaccio Corsica
59%
St. Johns Newfoundland / Antigua
58%
Copenhagen Zealand
46%
Denpasar Bali
45%
Douglas Isle of Man
45%
Hilo Hawaii
43%
Fukuoka Kyūshū
39%
Iqaluit Baffin
38%
Medan Sumatra
37%
Papeete Tahiti
31%
Naha Okinawa
27%
Kirkwall Orkney
24%
Visby Gotland
22%
No matching quizzes found
Score Distribution
Percent of People with Each Score
Percentile by Number Answered
Your Score History
You have not taken this quiz